Online
Catalog

Proyectos de investigación, monografías y tesis : (Record no. 4618)

MARC details
000 -CABECERA
campo de control de longitud fija 00522nam a2200169 u 4500
001 - NÚMERO DE CONTROL
campo de control 000004812
005 - FECHA Y HORA DE LA ÚLTIMA TRANSACCIÓN
campo de control 20200929151516.0
008 - DATOS DE LONGITUD FIJA--INFORMACIÓN GENERAL
campo de control de longitud fija 090727s19uu dr r 001 0 spa d
040 ## - FUENTE DE LA CATALOGACIÓN
Centro catalogador/agencia de origen DO-SdBNP
Lengua de catalogación spa
Centro/agencia transcriptor BNPHU
082 ## - NÚMERO DE LA CLASIFICACIÓN DECIMAL DEWEY
Número de clasificación xxxx
Número de documento/Ítem D663p
100 1# - ENTRADA PRINCIPAL--NOMBRE DE PERSONA
Nombre de persona D'oleo, Frank
9 (RLIN) 10319
245 10 - MENCIÓN DE TÍTULO
Título Proyectos de investigación, monografías y tesis :
Resto del título (guía técnica metodológica) /
Mención de responsabilidad, etc. Frank D'oleo.
300 ## - DESCRIPCIÓN FÍSICA
Extensión 149 p. ;
Dimensiones 28 cm.
500 ## - NOTA GENERAL
Nota general Incluye índice
500 ## - NOTA GENERAL
Nota general Incluye datos biográficos
500 ## - NOTA GENERAL
Nota general Incluye bibliografía
Holdings
Estado de retiro Estado de pérdida Restricciones de uso No para préstamo Código de colección Localización permanente Ubicación/localización actual Ubicación en estantería Fecha de adquisición Número de inventario Total de préstamos Signatura topográfica completa Código de barras Fecha visto por última vez Número de copia Precio válido a partir de Tipo de ítem Koha
        Dominicana de Servicio General General En catalogación 27.07.2009 LF1   xxxx D663p 4812-20 25.06.2020 e. 3 25.06.2020 Libro y Folleto Colección Dominicana de Servicio
        Dominicana de Servicio General General En catalogación 23.07.2013 LF1   xxxx D663p 4812-40 25.06.2020 e. 4 25.06.2020 Libro y Folleto Colección Dominicana de Servicio
      Excluido de préstamo Patrimonio Dominicano Patrimonio Dominicano Patrimonio Dominicano En catalogación 27.07.2009 LF1   xxxx D663p 4812-10 25.06.2020 e. 2 25.06.2020 Libro y Folleto Colección Patrimonio Dominicano
      Excluido de préstamo Patrimonio Dominicano Patrimonio Dominicano Patrimonio Dominicano En catalogación 27.07.2009 LF1   xxxx D663p 4812-30 25.06.2020   25.06.2020 Libro y Folleto Colección Patrimonio Dominicano

Powered by Koha